000 00825nas a2200277 4500
001 BR9208585
003 BR-BrBNA
005 20231205093127.0
007 ta
008 230509b bl.|||p| |||| 00| 00por d
040 _aBR-BrBNA
_bpor
_cBiblioteca Nacional de Agricultura
041 _a(Pt)
072 _aF01
100 1 _aReghin, M.Y.
100 1 _aFluminhan, E.S.
100 1 _aBalan, C.C.B.
100 1 _aUyeno, M.N.
245 1 _aInfluencia de epocas de plantio em duas cultivares de alho ( Allium sativum L.), em Bandeirantes, Parana
650 _aALHO
650 _aEPOCA DE PLANTIO
650 _aCOMPORTAMENTO DE VARIEDADE
650 _aPARANÁ
773 0 _tPoliagro (Brazil)
_xISSN 0100-3461
_g(1985), v. 7(1) p. 76-83
_wBR9208585
909 _a202311
_bLúcia
_c55
_dLúcia Elande
942 _2AGRIS
_n0
_cANA
999 _c136379
_d136379